000 00423nab a2200145Ia 4500
003 ES-SlBCS
005 20210601131742.0
008 140529s1932 xxu||||| |||| 00| 0 fre d
041 _afre
100 1 _aAthayde, Tristan de
_943396
245 0 0 _aLimites de l'eugénique
_c Tristan de Athayde
650 0 4 _aEugenesia
_9103278
773 0 _tVie Intelectuelle (La)
_gvol. 17, nº. 3, 1932, págs. 392-411
_wRev907
942 _cAR
999 _c568185
_d568185